Statistics for Countries in Triangles of an Empty World Map

Click here to take the quiz!

General Stats

  • This quiz has been taken 6,391 times
  • The average score is 166 of 175

Answers on the Map

Answers color-coded by a green-red scale on the quiz's map according to % correct below.
 

Answer Stats

Countries% Correct
Antigua and Barbuda | Barbados | Brazil | Dominica | Dominican Republic | France | Grenada | Guyana | Haiti | Netherlands | Saint Kitts and Nevis | Saint Lucia | Saint Vincent and the Grenadines | Trinidad and Tobago | United States | Venezuela
100%
Austria | Belarus | Belgium | Czech Republic | Denmark | France | Germany | Hungary | Latvia | Lithuania | Luxembourg | Moldova | Poland | Romania | Russia | Slovakia | Sweden | Ukraine
100%
Afghanistan | China | India | Kazakhstan | Kyrgyzstan | Pakistan | Tajikistan
99%
Algeria | Andorra | France | Italy | Malta | Monaco | Morocco | Spain | Tunisia
99%
Argentina | Bolivia | Brazil | Chile | Paraguay | Peru
99%
Argentina | Brazil | Paraguay
99%
Argentina | Brazil | Paraguay | Uruguay
99%
Argentina | Chile | United Kingdom
99%
Armenia | Azerbaijan | Georgia | Iran | Iraq | Kazakhstan | Russia | Syria | Turkey | Ukraine
99%
Bahamas | Cuba | United States
99%
Bahamas | Dominican Republic | Haiti | United States
99%
Bangladesh | Bhutan | China | India | Laos | Myanmar | Thailand | Vietnam
99%
Bangladesh | Bhutan | China | India | Nepal | Pakistan
99%
Belarus | Estonia | Finland | Latvia | Lithuania | Russia | Sweden | Ukraine
99%
Belgium | Denmark | France | Germany | Luxembourg | Netherlands | Norway | Sweden | United Kingdom
99%
Belize | Cuba | Jamaica | Mexico | United States
99%
Bolivia | Brazil | Peru
99%
Brazil | Colombia | Costa Rica | Panama | Venezuela
99%
Brazil | Colombia | Ecuador | Peru | Venezuela
99%
Brazil | France | Guyana | Suriname
99%
Brazil | France | Guyana | Suriname | Venezuela
99%
Bulgaria | Cyprus | Greece | Iraq | Israel | Jordan | Lebanon | Moldova | Romania | Russia | Syria | Turkey | Ukraine
99%
Canada | United States
99%
China | Kazakhstan | Mongolia | Russia
99%
China | Mongolia | North Korea | Russia | South Korea
99%
China | Mongolia | Russia
99%
Finland | Norway | Russia | Sweden
99%
Japan | Russia
99%
Japan | Russia | South Korea
99%
Kazakhstan | Russia
99%
Kazakhstan | Russia | Ukraine
99%
Mexico | United States
99%
Mongolia | Russia
99%
Russia
99%
United States
99%
Afghanistan | China | Kazakhstan | Kyrgyzstan | Pakistan | Tajikistan | Uzbekistan
98%
Algeria | Chad | Egypt | Libya | Niger | Sudan
98%
Argentina | Bolivia | Chile | Peru
98%
Argentina | Chile
98%
Argentina | Chile | Uruguay
98%
Australia | East Timor | Indonesia
98%
Australia | France | Solomon Islands | Vanuatu
98%
Australia | Indonesia | Papua New Guinea | Solomon Islands
98%
Brazil
98%
China
98%
China | Kazakhstan | Mongolia
98%
China | Mongolia
98%
China | Philippines | Taiwan
98%
France | Ireland | United Kingdom
98%
France | Portugal | Spain
98%
Albania | Austria | Bosnia and Herzegovina | Bulgaria | Croatia | France | Germany | Greece | Hungary | Italy | Kosovo | Liechtenstein | Malta | Moldova | Montenegro | North Macedonia | Romania | San Marino | Serbia | Slovakia | Slovenia | Switzerland | Ukraine | Vatican City
97%
Algeria | Libya | Mali | Mauritania | Morocco | Niger | Tunisia
97%
Australia
97%
Australia | Solomon Islands
97%
Bahrain | Egypt | Iraq | Kuwait | Oman | Qatar | Saudi Arabia | Sudan | United Arab Emirates | Yemen
97%
Belize | Costa Rica | El Salvador | Guatemala | Honduras | Jamaica | Mexico | Nicaragua
97%
Botswana | Democratic Republic of the Congo | Eswatini | Malawi | Mozambique | Namibia | South Africa | Zambia | Zimbabwe
97%
Canada | Denmark
97%
Egypt | Iraq | Israel | Jordan | Lebanon | Libya | Saudi Arabia | Sudan | Syria
97%
India | Indonesia | Maldives | Sri Lanka
97%
Benin | Burkina Faso | Cameroon | Central African Republic | Equatorial Guinea | Ghana | Ivory Coast | Liberia | Mali | Niger | Nigeria | Republic of the Congo | Togo
96%
Botswana | Eswatini | Lesotho | Mozambique | Namibia | South Africa
96%
Brunei | Cambodia | Indonesia | Malaysia | Philippines | Thailand | Vietnam
96%
Cameroon | Central African Republic | Chad | Niger | Nigeria | Republic of the Congo | Sudan
96%
Canada
96%
Central African Republic | Democratic Republic of the Congo | Ethiopia | Kenya | Republic of the Congo | Somalia | South Sudan | Sudan | Uganda
96%
Comoros | France | Madagascar | Malawi | Mozambique | Tanzania | Zambia
96%
India | Maldives
96%
India | Pakistan
96%
Namibia | South Africa
96%
Afghanistan | Bahrain | Iran | Iraq | Kuwait | Oman | Pakistan | Qatar | Saudi Arabia | United Arab Emirates
95%
Burkina Faso | Gambia | Ghana | Guinea | Guinea-Bissau | Ivory Coast | Liberia | Mali | Mauritania | Niger | Senegal | Sierra Leone
95%
Burundi | Democratic Republic of the Congo | Kenya | Republic of the Congo | Rwanda | Somalia | Tanzania | Uganda | Zambia
95%
Cambodia | Indonesia | Laos | Malaysia | Myanmar | Thailand | Vietnam
95%
Denmark | Iceland
95%
France | Madagascar | Mauritius
95%
Algeria | Mali | Mauritania | Morocco
94%
Djibouti | Eritrea | Ethiopia | Oman | Saudi Arabia | Somalia | Sudan | Yemen
94%
Indonesia | Papua New Guinea
94%
Mexico
94%
Angola | Botswana | Democratic Republic of the Congo | Namibia | Zambia
93%
Angola | Democratic Republic of the Congo | Gabon | Republic of the Congo | Zambia
93%
Indonesia
93%
Indonesia | Malaysia | Singapore
93%
Indonesia | Maldives
93%
Afghanistan | Iran | Iraq | Kazakhstan | Pakistan | Turkmenistan | Uzbekistan
92%
Comoros | Kenya | Malawi | Mozambique | Somalia | Tanzania | Zambia
92%
Denmark
92%
Ecuador | Peru
92%
Finland | Norway | Sweden
91%
Japan
91%
Norway | Sweden
91%
Portugal | Spain
90%
Cameroon | Equatorial Guinea | Gabon | Republic of the Congo | São Tomé and Príncipe
89%
New Zealand
88%
Peru
88%
Fiji | Samoa | Solomon Islands | Tuvalu | Vanuatu
87%
Seychelles | Somalia
87%
Somalia | Yemen
87%
United Kingdom
86%
Kiribati | Solomon Islands | Tuvalu
85%
Kiribati | Nauru | Solomon Islands
84%
Philippines
82%
Federated States of Micronesia | Marshall Islands
81%
Kiribati
80%
Portugal
77%
Federated States of Micronesia | Palau
76%
Namibia
75%
Samoa | Tonga
73%
Marshall Islands
72%
Federated States of Micronesia
71%
Cape Verde
70%

Score Distribution

Percentile by Number Answered

Percent of People with Each Score

Your Score History

You have not taken this quiz